000 00410nam a2200169Ia 4500
001 14298
003 IN-NITTTR
005 20251114233134.0
008 251113s9999||||xx |||||||||||||| ||eng||
040 _beng
040 _cIN-NITTTR
041 _aeng
082 _a030 C692
245 0 _aCollins dictionary of the english language /
_cHanks , Patrick., ed.
700 _aHanks , Patrick.
942 _2ddc
_cBK
999 _c16934
_d16934